<?xml version="1.0" encoding="UTF-8"?>
<record
    xmlns:xsi="http://www.w3.org/2001/XMLSchema-instance"
    xsi:schemaLocation="http://www.loc.gov/MARC21/slim http://www.loc.gov/standards/marcxml/schema/MARC21slim.xsd"
    xmlns="http://www.loc.gov/MARC21/slim">

  <leader>00688nam a22001937a 4500</leader>
  <controlfield tag="005">20150124121537.0</controlfield>
  <controlfield tag="008">110607t        mx||||| |||| 00| 0 spa d</controlfield>
  <datafield tag="020" ind1=" " ind2=" ">
    <subfield code="a">9709056808</subfield>
  </datafield>
  <datafield tag="050" ind1="0" ind2="4">
    <subfield code="a">F1219 .3 .R38</subfield>
    <subfield code="b">C67 1999</subfield>
  </datafield>
  <datafield tag="100" ind1="1" ind2=" ">
    <subfield code="a">Corona N&#xFA;&#xF1;ez, Jos&#xE9;,</subfield>
    <subfield code="d">[1906-2002]</subfield>
  </datafield>
  <datafield tag="245" ind1="1" ind2="0">
    <subfield code="a">Mitolog&#xED;a tarasca /</subfield>
    <subfield code="c">Jos&#xE9; Corona N&#xFA;&#xF1;ez.</subfield>
  </datafield>
  <datafield tag="250" ind1=" " ind2=" ">
    <subfield code="a">5a ed.</subfield>
  </datafield>
  <datafield tag="260" ind1=" " ind2=" ">
    <subfield code="a">Morelia, Michoac&#xE1;n de Ocampo, M&#xE9;xico :</subfield>
    <subfield code="b">Instituto Michoacano de Cultura,</subfield>
    <subfield code="c">1999</subfield>
  </datafield>
  <datafield tag="300" ind1=" " ind2=" ">
    <subfield code="a">102 p. :</subfield>
    <subfield code="b">il. ;</subfield>
    <subfield code="c">22 cm.</subfield>
  </datafield>
  <datafield tag="504" ind1=" " ind2=" ">
    <subfield code="a">Bibliografia: p. 89-91, ap&#xE9;ndices e &#xED;ndice</subfield>
  </datafield>
  <datafield tag="650" ind1=" " ind2="7">
    <subfield code="2">ESCAMILLA</subfield>
    <subfield code="a">Tarascos</subfield>
    <subfield code="x">Religi&#xF3;n y mitolog&#xED;a</subfield>
  </datafield>
  <datafield tag="650" ind1=" " ind2="7">
    <subfield code="2">ESCAMILLA</subfield>
    <subfield code="a">Indios de M&#xE9;xico</subfield>
    <subfield code="x">Religi&#xF3;n y mitilog&#xED;a</subfield>
  </datafield>
  <datafield tag="942" ind1=" " ind2=" ">
    <subfield code="2">lcc</subfield>
    <subfield code="c">LIB</subfield>
  </datafield>
  <datafield tag="999" ind1=" " ind2=" ">
    <subfield code="c">9336</subfield>
    <subfield code="d">9336</subfield>
  </datafield>
  <datafield tag="952" ind1=" " ind2=" ">
    <subfield code="1">0</subfield>
    <subfield code="2">lcc</subfield>
    <subfield code="4">0</subfield>
    <subfield code="7">0</subfield>
    <subfield code="a">INV-033</subfield>
    <subfield code="b">INV-033</subfield>
    <subfield code="c">FM</subfield>
    <subfield code="d">2011-06-07</subfield>
    <subfield code="f">1</subfield>
    <subfield code="k">CA</subfield>
    <subfield code="o">F1219 .3 .R38 C67 1999</subfield>
    <subfield code="p">IIH000007986</subfield>
    <subfield code="r">2011-06-07 00:00:00</subfield>
    <subfield code="t">C:1</subfield>
    <subfield code="v">1.00</subfield>
    <subfield code="y">LIB</subfield>
    <subfield code="z">MICHOAC&#xC1;N</subfield>
  </datafield>
</record>
